<?xml version="1.0" encoding="UTF-8"?>
<collection xmlns="http://www.loc.gov/MARC21/slim">
 <record>
  <leader>01461nam a22002417a 4500</leader>
  <controlfield tag="001">NCT_4_013289</controlfield>
  <controlfield tag="008">241011b        xxu||||| |||| 00| 0 vie d</controlfield>
  <datafield tag="999" ind1=" " ind2=" ">
   <subfield code="c">8629</subfield>
   <subfield code="d">8629</subfield>
  </datafield>
  <datafield tag="020" ind1=" " ind2=" ">
   <subfield code="a">9786045829752</subfield>
   <subfield code="c">38000</subfield>
  </datafield>
  <datafield tag="082" ind1="0" ind2="4">
   <subfield code="2">23rd ed.</subfield>
   <subfield code="a">153.83</subfield>
   <subfield code="b">J68</subfield>
  </datafield>
  <datafield tag="100" ind1="1" ind2=" ">
   <subfield code="a">Johnson, Spencer</subfield>
  </datafield>
  <datafield tag="245" ind1="1" ind2="0">
   <subfield code="a">Những quyết định thay đổi cuộc sống = </subfield>
   <subfield code="b">Yes or No?</subfield>
   <subfield code="c">Spencer Johnson ; Tổng hợp và biên dịch: Nguyễn Văn Phước...</subfield>
  </datafield>
  <datafield tag="260" ind1=" " ind2=" ">
   <subfield code="a">Tp. Hồ Chí Minh</subfield>
   <subfield code="b">Tổng hợp Tp. Hồ Chí Minh</subfield>
   <subfield code="c">2014</subfield>
  </datafield>
  <datafield tag="300" ind1=" " ind2=" ">
   <subfield code="a">191 tr.</subfield>
   <subfield code="c">21 cm</subfield>
  </datafield>
  <datafield tag="520" ind1="3" ind2=" ">
   <subfield code="a">Những câu chuyện thể hiện những tình huống thực tế, thú vị, gần gũi, đơn giản và dễ áp dụng trên hành trình khám phá bản thân đưa đến những quyết định tốt nhất giúp bạn trở nên hạnh phúc và thành công hơn trong cuộc sống</subfield>
  </datafield>
  <datafield tag="653" ind1=" " ind2=" ">
   <subfield code="a">Tham khảo</subfield>
  </datafield>
  <datafield tag="700" ind1="1" ind2=" ">
   <subfield code="a">Nguyễn, Văn Phước</subfield>
   <subfield code="e">Tổng hợp và biên dịch</subfield>
  </datafield>
  <datafield tag="700" ind1="0" ind2=" ">
   <subfield code="a">Kim Nhung</subfield>
   <subfield code="e">Tổng hợp và biên dịch</subfield>
  </datafield>
  <datafield tag="700" ind1="0" ind2=" ">
   <subfield code="a">Thanh Vân</subfield>
   <subfield code="e">Tổng hợp và biên dịch</subfield>
  </datafield>
  <datafield tag="700" ind1="0" ind2=" ">
   <subfield code="a">Nhất Thủy</subfield>
   <subfield code="e">Tổng hợp và biên dịch</subfield>
  </datafield>
  <datafield tag="942" ind1=" " ind2=" ">
   <subfield code="2">ddc</subfield>
   <subfield code="c">BK</subfield>
  </datafield>
  <datafield tag="952" ind1=" " ind2=" ">
   <subfield code="0">0</subfield>
   <subfield code="1">0</subfield>
   <subfield code="2">ddc</subfield>
   <subfield code="4">0</subfield>
   <subfield code="6">153_830000000000000_J68</subfield>
   <subfield code="7">0</subfield>
   <subfield code="9">29552</subfield>
   <subfield code="a">000001</subfield>
   <subfield code="b">000001</subfield>
   <subfield code="d">2024-10-11</subfield>
   <subfield code="o">153.83 J68</subfield>
   <subfield code="p">TK.04670</subfield>
   <subfield code="r">2024-10-11</subfield>
   <subfield code="v">38000.00</subfield>
   <subfield code="w">2024-10-11</subfield>
   <subfield code="y">BK</subfield>
  </datafield>
  <datafield tag="980" ind1=" " ind2=" ">
   <subfield code="a">Thư viện Trường Đại học Nam Cần Thơ</subfield>
  </datafield>
 </record>
</collection>
